Environmental Chemistry : Experiments and Demostrations /

Guardado en:
書目詳細資料
主要作者: Ondrus, Martin G. (autor)
格式: 圖書
語言:英语
出版: Winnipeg, Canadá : Wuerz, 1996, c1996
版:2a edición
主題:
標簽: 添加標簽
沒有標簽, 成為第一個標記此記錄!

MARC

LEADER 00000nam^a2200000^a^4500
001 000165132
005 20250521000000.0
009 20260310101007.958
020 |a 0-920063-69-1 
037 |a Acervo ITESO - Biblioteca 
041 |a ING 
082 |a 628. 50154  |b OND 
100 |a Ondrus, Martin G.  |e (autor) 
245 1 0 |a Environmental Chemistry :  |b Experiments and Demostrations /  |c M.G. Ondrus. 
250 |a 2a edición 
264 4 |a Winnipeg, Canadá :  |b Wuerz,  |c 1996, c1996 
300 |a 231 p. 
336 |a texto  |b txt  |2 rdacontenido 
337 |a sin mediación  |b n  |2 rdamedio 
338 |a volumen  |b nc  |2 rdasoporte 
649 |a XX 
650 |a Química -  |x Investigación 
650 |a Química -  |x Laboratorios 
650 |a Química Ambiental 
650 |a Ingeniería Ambiental 
910 |a Fondo General 
920 |a Impresos - Libros 
930 |a Colección General 
905 |a 101 
901 |a 0500099431  |b IT1  |c ACC  |u 20250521 
902 |a https://opac.biblio.iteso.mx/vufind/Record/000165132